00787cam a22002294i 450000100090000000300030000900500170001200800410002901000170007002000380008704000280012504200080015305000240016108200100018524501420019530000310033750400510036865000400041965000390045965000330049870000260053118726530LC20170209142216.0150803s2016 cau b 001 0 eng  a 2015029067 a9781483316482 (pbk. : alk. paper) aDLCbengcDLCerdadDLC apcc00aLB1027.5b.Z56 201600a371.410aSchool counseling classroom guidance :bprevention, accountability, and outcomes /cedited by Jolie Ziomek-Daigle, University of Georgia. axxviii, 313 pages ;c23 cm aIncludes bibliographical references and index. 0aCounseling in elementary education. 0aCounseling in secondary education. 0aGroup guidance in education. aZiomek-Daigle, Jolie.